[Event "Palmira op-B"]
[Site "Palmira"]
[Date "2022.12.18"]
[Round "8"]
[White "Montoya Altamirano, Juan Pablo"]
[Black "Ramirez Calderon, Carlos Arturo"]
[Result "0-1"]
[WhiteElo "1151"]
[BlackElo "1610"]
[PlyCount "76"]
[EventDate "2022.12.14"]
[EventType "swiss"]
[EventRounds "8"]
[EventCountry "COL"]
[SourceTitle "CBM 211 Extra"]
[Source "ChessBase"]
[SourceDate "2023.01.31"]
[SourceVersion "1"]
[SourceVersionDate "2023.01.31"]
[SourceQuality "1"]

1. d4 Nf6 2. Bf4 g6 3. Nf3 Bg7 4. h3 a6 5. e3 0-0 6. Bd3 b5 7. 0-0 Bb7 8. c3 d6 9. Re1 Nbd7 10. Qe2 Nh5 11. Bh2 e5 12. e4 c5 13. d5 c4 14. Bc2 a5 15. b3 Rc8 16. bxc4 bxc4 17. Nbd2 Nf4 18. Qe3 Ba6 19. Bxf4 exf4 20. Qxf4 Bxc3 21. Rab1 Ne5 22. Nxe5 Bxe5 23. Qe3 c3 24. Nf3 Bg7 25. Rb3 Bc4 26. Ra3 Rc5 27. Nd4 Qf6 28. Ne2 Bxe2 29. Rxe2 Rb8 30. f4 Qd4 31. Bb3 Qxe3+ 32. Rxe3 Bd4 33. Kf2 c2 34. Bxc2 Rxc2+ 35. Kf3 Bxe3 36. Kxe3 Rxg2 37. Rxa5 Rg3+ 38. Kf2 Rxh3 0-1

[Event "Palmira op-B"]
[Site "Palmira"]
[Date "2022.12.16"]
[Round "4"]
[White "Mata Zambrano, Luis Enrique"]
[Black "Ramirez Calderon, Carlos Arturo"]
[Result "1-0"]
[WhiteElo "1544"]
[BlackElo "1610"]
[PlyCount "157"]
[EventDate "2022.12.14"]
[EventType "swiss"]
[EventRounds "8"]
[EventCountry "COL"]
[SourceTitle "CBM 211 Extra"]
[Source "ChessBase"]
[SourceDate "2023.01.31"]
[SourceVersion "1"]
[SourceVersionDate "2023.01.31"]
[SourceQuality "1"]

1. d4 Nf6 2. c4 d6 3. Nc3 Bf5 4. f3 a6 5. e4 Bd7 6. Be3 c6 7. a4 a5 8. Bd3 Na6 9. Nge2 Nb4 10. 0-0 Qc7 11. Qd2 h6 12. Rfe1 e5 13. Rad1 Nxd3 14. Qxd3 Rd8 15. Kh1 Be7 16. f4 Bg4 17. d5 0-0 18. f5 Rc8 19. Rc1 Bxe2 20. Rxe2 Ng4 21. Bg1 Qd8 22. h3 Bg5 23. Rcc2 Nf6 24. Qf3 Nh7 25. g3 Bf6 26. Qh5 Be7 27. Rg2 Nf6 28. Qf3 Nh7 29. h4 cxd5 30. Nxd5 Rc6 31. b3 Nf6 32. Nxf6+ Bxf6 33. Rcd2 Qe7 34. Rd5 b6 35. Rgd2 Qc7 36. Kg2 Rd8 37. Kh3 Rd7 38. Rg2 Qd8 39. Bf2 g5 40. Qh5 Kh7 41. Be3 Qg8 42. Rh2 g4+ 43. Qxg4 Qxg4+ 44. Kxg4 Rb7 45. Rhd2 Be7 46. Kh3 f6 47. R2d3 h5 48. Bc1 Bf8 49. Kg2 Rg7 50. Ba3 Rd7 51. Kf3 Kg7 52. Rd2 Kf7 53. Rg2 Rc5 54. Bxc5 bxc5 55. g4 hxg4+ 56. Rxg4 Rb7 57. Rd3 Bh6 58. Rg6 Bf4 59. Kg4 Rd7 60. h5 Rd8 61. h6 Ke7 62. h7 Kf7 63. Rh3 Rh8 64. Rg8 Rxg8+ 65. hxg8Q+ Kxg8 66. Rd3 Bc1 67. Rxd6 Kf7 68. Kh5 Ke7 69. Ra6 Bd2 70. Kg6 Be1 71. Rxf6 Bc3 72. Ra6 Kd7 73. f6 Bd2 74. f7 Ke7 75. Ra7+ Kf8 76. Ra8+ Ke7 77. f8Q+ Ke6 78. Qf7+ Kd6 79. Ra6# 1-0